Environment problems and the united nations (Record no. 515484)

000 -LEADER
fixed length control field 00416nam a22001457a 4500
082 ## - DEWEY DECIMAL CLASSIFICATION NUMBER
Classification number TNC O91 K524
100 ## - MAIN ENTRY--PERSONAL NAME
Personal name Khanna, Gopesh Nath
9 (RLIN) 21085
245 ## - TITLE STATEMENT
Title Environment problems and the united nations
Statement of responsibility, etc by Gopesh Nath Khanna
260 ## - PUBLICATION, DISTRIBUTION, ETC. (IMPRINT)
Place of publication, distribution, etc New Delhi
Name of publisher, distributor, etc Ashish
Date of publication, distribution, etc 1990
300 ## - PHYSICAL DESCRIPTION
Extent 204p.
650 ## - SUBJECT ADDED ENTRY--TOPICAL TERM
Topical term or geographic name as entry element Ecology
9 (RLIN) 23349
650 ## - SUBJECT ADDED ENTRY--TOPICAL TERM
Topical term or geographic name as entry element Environmental
9 (RLIN) 23350
650 ## - SUBJECT ADDED ENTRY--TOPICAL TERM
Topical term or geographic name as entry element Protection
9 (RLIN) 23351
650 ## - SUBJECT ADDED ENTRY--TOPICAL TERM
Topical term or geographic name as entry element Environment
9 (RLIN) 23352
Holdings
Withdrawn status Lost status Source of classification or shelving scheme Damaged status Koha normalized classification for sorting Not for loan Permanent location Current location Date acquired Full call number Barcode Date last seen Price effective from Koha item type
        TNC_O91_K524   Indian Institute of Public Administration Indian Institute of Public Administration 2021-01-29 TNC O91 K524 GR22675 2021-01-29 2021-01-29 GR

Powered by Koha